List of European Cup and UEFA Champions League winners - Statistics

General Stats
  • This quiz has been taken 54 times
  • The average score is 17 of 22
Answer Stats
Number of titles Answer % Correct
5 Barcelona
100%
13 Real Madrid
100%
6 Bayern Munich
98%
3 Inter Milan
95%
6 Liverpool
93%
3 Manchester United
93%
1 Chelsea
91%
2 Juventus
86%
7 Milan
86%
1 Borussia Dortmund
82%
4 Ajax
80%
2 Porto
77%
2 Benfica
70%
1 Celtic
68%
2 Nottingham Forest
68%
1 Marseille
64%
1 Red Star Belgrade
64%
1 Aston Villa
59%
1 PSV Eindhoven
59%
1 Hamburger SV
52%
1 Steaua Bucuresti
50%
1 Feyenoord
48%
No matching quizzes found
Score Distribution
Percent of People with Each Score
Percentile by Number Answered
Your Score History
You have not taken this quiz